00589nam a2200157 a 450000100100000000500170001000800410002704000250006810000310009324500510012426000420017530000210021704900090023895201670024799900170041400003377920200930070519.0110909s1929 ht 000 0 spa d aDO-SdBNPbspacBNPHU1 aBellegarde, Antés95920510aPour une Haiti heureuse /cAntés Bellegarde. aPort Au-Prince :bChéraquit,c1929. a456 p. ;c24 cm. aBNPD 001050718RVaPDbPDcCTd2011-09-09iLF1l0o p33779-10r2020-06-25w2020-06-25y1zPerteneció a la biblioteca personal de Julio Ortega Frier.ZNo se presta c33270d33270